| 000 | 00598nam 22001933 4500 | ||
|---|---|---|---|
| 001 | 198765 | ||
| 010 | _a972-27-1471-6 | ||
| 021 |
_aPT _b246320/06 |
||
| 090 | _a198765 | ||
| 100 | _a20251103d u||y0pory50 ba | ||
| 200 |
_aDa aporia à cisão _euma interpretação do opus postumum kantiano _fAntónio Fragoso Fernandes |
||
| 210 |
_aLisboa _cImprensa Nacional - Casa da Moeda _d2006 |
||
| 215 |
_a433, [7] p. _cbrochado _d24 cm |
||
| 606 |
_932 _aFilosofia |
||
| 675 |
_a1 _vPT _zpor |
||
| 700 |
_914681 _aFernandes _bAntónio Fragoso _f1929-2019 |
||
| 801 |
_aPT _bBMMN _gRPC |
||
| 830 | _cVanda | ||
| 990 | _cLIVROS | ||